[Event "Titled Tue 10th Jun Early"]
[Site "chess.com INT"]
[Date "2025.06.10"]
[Round "2"]
[White "Petrenko, Maryna"]
[Black "Sahbudak, Baris Cinar"]
[Result "0-1"]
[WhiteTitle "WFM"]
[BlackTitle "CM"]
[WhiteElo "2062"]
[BlackElo "2072"]
[WhiteFideId "14197820"]
[BlackFideId "26351633"]
[EventDate "2025.06.10"]

1. d4 Nf6 2. Nf3 g6 3. c4 Bg7 4. g3 O-O 5. Bg2 d5 6. cxd5 Nxd5 7. O-O Nb6 8. Nc3
Nc6 9. e3 Bg4 10. Qc2 Rc8 11. h3 Bf5 12. e4 Bd7 13. d5 Nd4 14. Nxd4 Bxd4 15. Bh6
Re8 16. Rfd1 Bh8 17. Ne2 c6 18. dxc6 Rxc6 19. Qb3 Qc7 20. Nd4 Rc4 21. Nb5 Qc5
22. Na3 Rb4 23. Qe3 Qxe3 24. Bxe3 Bxb2 25. Rab1 Ba4 26. Bxb6 axb6 0-1

[Event "Titled Tue 10th Jun Early"]
[Site "chess.com INT"]
[Date "2025.06.10"]
[Round "2"]
[White "Jimenez Carrazoni, Marta Elena"]
[Black "Sadubayev, Airat"]
[Result "0-1"]
[WhiteTitle "WCM"]
[BlackTitle "FM"]
[WhiteElo "1968"]
[BlackElo "2211"]
[WhiteFideId "54765102"]
[BlackFideId "13713264"]
[EventDate "2025.06.10"]

1. e4 c6 2. d4 d5 3. e5 Bf5 4. Bd3 Bxd3 5. Qxd3 e6 6. Ne2 Ne7 7. O-O Nf5 8. f4
c5 9. c3 Nc6 10. g4 Nh4 11. Nd2 Qb6 12. Nf3 Nxf3+ 13. Rxf3 cxd4 14. cxd4 Rc8 15.
a3 h5 16. gxh5 Rxh5 17. f5 Nxe5 18. Qe3 Nxf3+ 19. Qxf3 Rxf5 20. Qd3 Bd6 21. b4
Qc6 22. Be3 Qc2 23. Rd1 Qxd3 24. Rxd3 Rc2 25. Rd2 Rxd2 26. Bxd2 b5 27. Nc3 a6
28. Ne2 Rf3 29. Bc3 Bxh2+ 30. Kg2 Re3 31. Kf2 Rd3 32. Kg2 Bd6 33. Kf2 g5 34. Bb2
f5 35. Bc1 g4 36. Bg5 Rxa3 37. Bf4 Bxf4 38. Nxf4 Ke7 39. Ng6+ Kd6 40. Ne5 Rb3
41. Nf7+ Kc7 42. Ng5 Kd7 43. Nxe6 Kxe6 0-1

[Event "Titled Tue 10th Jun Early"]
[Site "chess.com INT"]
[Date "2025.06.10"]
[Round "2"]
[White "Mekhitarian, Krikor Sevag"]
[Black "Burmakin, Evgeniy"]
[Result "1-0"]
[WhiteTitle "GM"]
[BlackTitle "FM"]
[WhiteElo "2564"]
[BlackElo "2110"]
[WhiteFideId "2107660"]
[BlackFideId "4163729"]
[EventDate "2025.06.10"]

1. Nf3 Nf6 2. c4 g6 3. Nc3 Bg7 4. e4 d6 5. d4 O-O 6. h3 e5 7. dxe5 dxe5 8. Qxd8
Rxd8 9. Bg5 Re8 10. Nd5 Nxd5 11. cxd5 c6 12. Bc4 b5 13. Bb3 Bb7 14. Rc1 Rc8 15.
O-O a5 16. Rfd1 a4 17. dxc6 Bxc6 18. Bd5 Ra6 19. Be3 h6 20. h4 Rd8 21. Bxf7+
Kxf7 22. Rxd8 Nd7 23. Rxc6 Rxc6 24. Rxd7+ Kg8 25. g4 1-0

[Event "Titled Tue 10th Jun Early"]
[Site "chess.com INT"]
[Date "2025.06.10"]
[Round "2"]
[White "Toktomushev, Teimur"]
[Black "Pulido Alvarez, Ariel"]
[Result "1-0"]
[WhiteTitle "FM"]
[BlackTitle "FM"]
[WhiteElo "2390"]
[BlackElo "2252"]
[WhiteFideId "14176726"]
[BlackFideId "3503011"]
[EventDate "2025.06.10"]

1. d4 Nf6 2. c4 g6 3. Nc3 c5 4. d5 d6 5. Nf3 Bg7 6. h3 O-O 7. e4 e6 8. Bd3 exd5
9. exd5 Re8+ 10. Be3 a6 11. O-O Nbd7 12. Re1 Ne5 13. Nxe5 dxe5 14. Bxc5 Bd7 15.
Be3 e4 16. Bf1 h5 17. Rc1 b5 18. c5 b4 19. Nb1 Bf5 20. d6 Be6 21. Bc4 Qa5 22.
Nd2 Rac8 23. Nb3 Qa4 24. Bxe6 Rxe6 25. Nd4 Qxd1 26. Rexd1 Ree8 27. c6 Red8 28.
Nb3 1-0

[Event "Titled Tue 10th Jun Early"]
[Site "chess.com INT"]
[Date "2025.06.10"]
[Round "2"]
[White "Buchenau, Frank"]
[Black "Bratovic, Blaz"]
[Result "0-1"]
[WhiteTitle "FM"]
[BlackTitle "IM"]
[WhiteElo "2205"]
[BlackElo "2319"]
[WhiteFideId "4604350"]
[BlackFideId "14603551"]
[EventDate "2025.06.10"]

1. e4 c5 2. g3 g6 3. Bg2 Bg7 4. Ne2 Nc6 5. c3 e5 6. d3 Nge7 7. Be3 b6 8. d4 cxd4
9. cxd4 exd4 10. Nxd4 O-O 11. O-O Ba6 12. Re1 Ne5 13. Nc3 Nd3 14. Re2 Rc8 15.
Qd2 Ne5 16. Ndb5 Nc4 17. Qc1 Bxb5 18. Nxb5 Nxb2 19. Qf1 Nc4 20. Bd4 Bxd4 21.
Nxd4 Nc6 22. Rd1 Qf6 23. Nxc6 dxc6 24. f4 Rfd8 25. e5 Qe7 26. Ree1 Rxd1 27. Rxd1
Ne3 0-1

[Event "Titled Tue 10th Jun Early"]
[Site "chess.com INT"]
[Date "2025.06.10"]
[Round "2"]
[White "Diachek, Andrii"]
[Black "Sahetchian, Armand"]
[Result "1-0"]
[WhiteTitle "CM"]
[BlackTitle "CM"]
[WhiteElo "2177"]
[BlackElo "2024"]
[WhiteFideId "34106499"]
[BlackFideId "607150"]
[EventDate "2025.06.10"]

1. c4 e6 2. Nf3 d5 3. e3 Nf6 4. Nc3 b6 5. b3 Bb7 6. Bb2 Nbd7 7. g3 c5 8. cxd5
Nxd5 9. Bg2 Be7 10. Nxd5 Bxd5 11. Bxg7 Rg8 12. Bb2 h5 13. O-O h4 14. d4 hxg3 15.
hxg3 c4 16. bxc4 Bxc4 17. Re1 Nf6 18. Ne5 Bd5 19. Qa4+ Kf8 20. e4 Bb7 21. Nc6
Bxc6 22. Qxc6 Rc8 23. Qa4 Qd7 24. Qxd7 Nxd7 25. Rac1 Kg7 26. d5+ Kg6 27. dxe6
fxe6 28. Bh3 Kf7 29. Kg2 Nc5 30. Rc3 Na4 31. Rf3+ Kg6 32. Be5 Nc5 33. Bd4 Rgf8
34. Bxc5 Bxc5 35. Bxe6 Rxf3 36. Kxf3 Bd4 37. Bxc8 1-0

[Event "Titled Tue 10th Jun Early"]
[Site "chess.com INT"]
[Date "2025.06.10"]
[Round "2"]
[White "Savicevs, Arsenijs"]
[Black "Karttunen, Mika"]
[Result "0-1"]
[WhiteTitle "FM"]
[BlackTitle "IM"]
[WhiteElo "2211"]
[BlackElo "2490"]
[WhiteFideId "11617489"]
[BlackFideId "502081"]
[EventDate "2025.06.10"]

1. e4 e5 2. Nf3 Nc6 3. Bc4 Bc5 4. c3 Nf6 5. d3 a6 6. O-O Ba7 7. a4 h6 8. Re1 O-O
9. h3 Re8 10. Nbd2 d5 11. exd5 Nxd5 12. Qb3 Na5 13. Qa2 Nxc4 14. Nxc4 f6 15. d4
e4 16. Nfd2 f5 17. Ne5 Be6 18. Qb3 Ne3 19. Qxb7 Nc2 20. Nc6 Qc8 21. Qxc8 Bxc8
22. Re2 Nxa1 23. b3 Bb7 24. Nxa7 Rxa7 25. Bb2 Nc2 26. Nc4 e3 27. fxe3 Be4 28.
Nd2 Bd3 0-1

[Event "Titled Tue 10th Jun Early"]
[Site "chess.com INT"]
[Date "2025.06.10"]
[Round "2"]
[White "Thorhallsson, Simon"]
[Black "Rabin, Evan"]
[Result "1-0"]
[WhiteTitle "FM"]
[WhiteElo "2202"]
[BlackElo "1945"]
[WhiteFideId "2310090"]
[BlackFideId "2028670"]
[EventDate "2025.06.10"]

1. e4 Nf6 2. e5 Nd5 3. d4 d6 4. exd6 cxd6 5. a3 g6 6. c4 Nb6 7. Nc3 Bg7 8. Be3
O-O 9. h4 h5 10. Be2 Nc6 11. d5 Ne5 12. Bd4 Bg4 13. f3 Bf5 14. g4 hxg4 15. fxg4
Bd7 16. h5 e6 17. Qc2 Qg5 18. Nh3 Qh4+ 19. Nf2 Qg3 20. Ne4 Qg2 21. O-O-O Nf3 22.
Bxg7 Kxg7 23. Qc3+ e5 24. Bxf3 1-0

[Event "Titled Tue 10th Jun Early"]
[Site "chess.com INT"]
[Date "2025.06.10"]
[Round "2"]
[White "Eugene, Floryan"]
[Black "Aditya, Varun Gampa"]
[Result "0-1"]
[WhiteTitle "IM"]
[BlackTitle "FM"]
[WhiteElo "2474"]
[BlackElo "2186"]
[WhiteFideId "20694784"]
[BlackFideId "45066183"]
[EventDate "2025.06.10"]

1. f4 f5 2. e3 Nf6 3. Nf3 g6 4. b3 Bg7 5. Bb2 O-O 6. h4 d6 7. Nc3 Nc6 8. h5 Nxh5
9. Rxh5 gxh5 10. Ng5 Qe8 11. Nd5 Bxb2 12. Rb1 Bf6 13. Nxc7 Qg6 14. Bc4+ d5 15.
Bxd5+ e6 16. Ngxe6 Bxe6 17. Nxe6 Kh8 18. Nxf8 Rxf8 19. Qf3 Nb4 20. c3 Nxd5 21.
Qxd5 Qg3+ 22. Ke2 Rg8 23. Rg1 Qg4+ 24. Qf3 h4 25. d4 h3 26. Qxg4 Rxg4 27. Kf1
Rxg2 28. Rxg2 hxg2+ 29. Kxg2 Kg7 30. Kf3 h5 31. e4 fxe4+ 32. Kxe4 h4 33. Kf3 Kf7
34. Kg4 Ke6 35. a4 Kd5 36. a5 Ke4 37. f5 Kd3 38. d5 Kxc3 39. d6 Kb4 40. Kh5 h3
41. Kg6 Bh4 42. f6 Bxf6 43. Kxf6 h2 44. d7 h1=Q 45. a6 bxa6 0-1

[Event "Titled Tue 10th Jun Early"]
[Site "chess.com INT"]
[Date "2025.06.10"]
[Round "2"]
[White "Miserendino, Alfredo"]
[Black "Pein, Jonathan"]
[Result "0-1"]
[BlackTitle "FM"]
[WhiteElo "2032"]
[BlackElo "2226"]
[WhiteFideId "101800"]
[BlackFideId "417092"]
[EventDate "2025.06.10"]

1. e4 d5 2. d3 e5 3. g3 dxe4 4. dxe4 Qxd1+ 5. Kxd1 Bc5 6. f4 Nf6 7. Bd3 Bg4+ 8.
Ne2 Nc6 9. h3 Bf3 10. Rf1 Bg2 11. Re1 Bf2 12. Nbc3 Bxe1 13. Kxe1 Bxh3 14. f5
O-O-O 15. Be3 Nb4 16. Kd2 Bg2 17. Bxa7 Nxd3 18. cxd3 b6 0-1

[Event "Titled Tue 10th Jun Early"]
[Site "chess.com INT"]
[Date "2025.06.10"]
[Round "2"]
[White "Ozen, Batuhan"]
[Black "Alizadeh, Mohammad Mahdi"]
[Result "0-1"]
[WhiteTitle "CM"]
[BlackTitle "CM"]
[WhiteElo "2128"]
[BlackElo "2039"]
[WhiteFideId "6345123"]
[BlackFideId "22598820"]
[EventDate "2025.06.10"]

1. c4 c5 2. Nf3 g6 3. g3 b6 4. Bg2 Bb7 5. O-O Bg7 6. Nc3 Nc6 7. Rb1 e6 8. a3
Nge7 9. b4 d6 10. b5 Na5 11. Qa4 O-O 12. Bb2 d5 13. cxd5 Nxd5 14. Nxd5 Qxd5 15.
Bxg7 Kxg7 16. d3 Rad8 17. Rfc1 Kg8 18. h4 Qf5 19. g4 Qf6 20. g5 Qf5 21. Nh2 Rd4
22. e4 Rxa4 23. exf5 Bxg2 24. Kxg2 exf5 25. Nf3 Rd8 26. d4 cxd4 27. Rc7 d3 28.
Rxa7 Rg4+ 29. Kh2 d2 30. Rd1 Nc4 31. Rc7 Rf4 32. Kg3 Rg4+ 33. Kh3 Rd3 0-1

[Event "Titled Tue 10th Jun Early"]
[Site "chess.com INT"]
[Date "2025.06.10"]
[Round "2"]
[White "Mayorau, Mikita1"]
[Black "Aradhya, Garg"]
[Result "0-1"]
[WhiteTitle "GM"]
[BlackTitle "IM"]
[WhiteElo "2472"]
[BlackElo "2370"]
[WhiteFideId "13501720"]
[BlackFideId "25006746"]
[EventDate "2025.06.10"]

1. e4 c6 2. d4 d5 3. exd5 cxd5 4. Bd3 Nf6 5. h3 Nc6 6. Nf3 Nb4 7. Be2 Bf5 8. Na3
e6 9. c3 Nc6 10. Nc2 Bd6 11. Bd3 O-O 12. O-O Ne4 13. Re1 Re8 14. Be3 Rb8 15. a4
a6 16. Bxe4 Bxe4 17. Nd2 Bg6 18. Nf1 b5 19. axb5 axb5 20. Qd2 b4 21. Reb1 b3 22.
Ne1 Bxb1 23. Rxb1 Na5 24. Bg5 Nc4 25. Qc1 Qc7 26. Nf3 e5 27. dxe5 Nxe5 28. Nxe5
Bxe5 29. Ne3 d4 30. Ng4 dxc3 31. bxc3 b2 32. Qc2 Qxc3 0-1

[Event "Titled Tue 10th Jun Early"]
[Site "chess.com INT"]
[Date "2025.06.10"]
[Round "2"]
[White "Hou, Yifan"]
[Black "Matveeva, Olga"]
[Result "1-0"]
[WhiteTitle "GM"]
[BlackTitle "WIM"]
[WhiteElo "2633"]
[BlackElo "2177"]
[WhiteFideId "8602980"]
[BlackFideId "24107018"]
[EventDate "2025.06.10"]

1. Nf3 d5 2. g3 Nf6 3. Bg2 e6 4. O-O Be7 5. b3 O-O 6. c4 c5 7. cxd5 Nxd5 8. Bb2
Nc6 9. Nc3 Bf6 10. Rc1 Nxc3 11. Bxc3 Nd4 12. e3 Nxf3+ 13. Bxf3 Be7 14. Qc2 Bd7
15. Bxb7 Rb8 16. Be4 Bb5 17. Rfd1 f5 18. Bg2 Bd3 19. Qb2 Rf7 20. Be5 Rb6 21. Rc3
c4 22. Qc1 Bb4 23. Rxc4 Bxc4 24. Qxc4 Rd7 25. d4 Kh8 26. Rc1 Bd6 27. Qxe6 Ba3
28. Rc6 Re7 29. Qxf5 Rxc6 30. Bxc6 h6 31. Be4 1-0

[Event "Titled Tue 10th Jun Early"]
[Site "chess.com INT"]
[Date "2025.06.10"]
[Round "2"]
[White "Andreev, Konstantin"]
[Black "Komov, Roman"]
[Result "0-1"]
[WhiteTitle "FM"]
[BlackTitle "FM"]
[WhiteElo "2208"]
[BlackElo "2239"]
[WhiteFideId "24239305"]
[BlackFideId "24175714"]
[EventDate "2025.06.10"]

1. e4 c5 2. Nf3 d6 3. d4 cxd4 4. Nxd4 Nf6 5. Nc3 a6 6. h4 e5 7. Nb3 Be7 8. Bg5
Nbd7 9. g3 h6 10. Be3 Qc7 11. Qe2 b5 12. O-O-O b4 13. Nd5 Nxd5 14. exd5 a5 15.
Kb1 a4 16. Nc1 a3 17. Qc4 Qxc4 18. Bxc4 axb2 19. Nd3 e4 20. Nxb4 Ne5 21. Bb3 Bg4
22. Rd4 O-O 23. Re1 f5 24. Nc6 Bf6 25. Rb4 Nf3 26. Rf1 g5 27. hxg5 hxg5 28. a4
f4 29. gxf4 gxf4 30. Rxe4 fxe3 31. Rxg4+ Kf7 32. Rh1 Rh8 33. Rxh8 Nd2+ 0-1

[Event "Titled Tue 10th Jun Early"]
[Site "chess.com INT"]
[Date "2025.06.10"]
[Round "2"]
[White "Kholyavko, Mariya"]
[Black "Gulevich, Artem"]
[Result "1-0"]
[WhiteTitle "WFM"]
[BlackTitle "FM"]
[WhiteElo "2175"]
[BlackElo "2304"]
[WhiteFideId "13748505"]
[BlackFideId "24119580"]
[EventDate "2025.06.10"]

1. Nf3 Nf6 2. g3 b6 3. Bg2 Bb7 4. O-O e6 5. d3 d5 6. Nbd2 c5 7. c4 Be7 8. cxd5
Nxd5 9. Nc4 O-O 10. a3 Nd7 11. Rb1 Rc8 12. Bd2 Bf6 13. Qc2 Nb8 14. Rfc1 Nc6 15.
Qd1 Nd4 16. Nxd4 Bxd4 17. b4 Ba6 18. Qa4 Bxc4 19. dxc4 Nf6 20. Be1 Qc7 21. e3
Be5 22. bxc5 Qxc5 23. Bb4 Qc7 24. Bxf8 Rxf8 25. c5 bxc5 26. Rb7 Qd6 27. Rd1 Qe7
28. Rxe7 1-0

[Event "Titled Tue 10th Jun Early"]
[Site "chess.com INT"]
[Date "2025.06.10"]
[Round "2"]
[White "Zhukovskyi, Oleksandr"]
[Black "Serra Canals, Oriol"]
[Result "1-0"]
[WhiteTitle "CM"]
[BlackTitle "CM"]
[WhiteElo "2145"]
[BlackElo "2116"]
[WhiteFideId "14169371"]
[BlackFideId "22276084"]
[EventDate "2025.06.10"]

1. b3 f5 2. Bb2 d6 3. e3 Nf6 4. d4 e6 5. c4 Be7 6. Nf3 b6 7. Nbd2 Bb7 8. Qc2 a5
9. a3 O-O 10. Bd3 Qe8 11. h4 Nbd7 12. O-O-O c5 13. d5 exd5 14. Bxf5 dxc4 15.
Nxc4 d5 16. Nce5 Nxe5 17. Nxe5 Bd6 18. f4 c4 19. bxc4 Qe7 20. Qb3 a4 21. Qxb6
Kh8 22. h5 Bxa3 23. Ng6+ hxg6 24. hxg6+ Kg8 25. Be6+ Rf7 26. Bxf7+ Qxf7 27.
gxf7+ 1-0

[Event "Titled Tue 10th Jun Early"]
[Site "chess.com INT"]
[Date "2025.06.10"]
[Round "2"]
[White "Gbiorczyk, Mikolaj"]
[Black "Lopez Abreu, Michel Samuel"]
[Result "1-0"]
[WhiteTitle "CM"]
[BlackTitle "FM"]
[WhiteElo "2191"]
[BlackElo "2038"]
[WhiteFideId "21080763"]
[BlackFideId "3927903"]
[EventDate "2025.06.10"]

1. d4 Nf6 2. Nc3 d5 3. Bf4 c6 4. e3 g6 5. Nf3 Bg7 6. h4 h5 7. Ne5 Nbd7 8. Qd2
Nxe5 9. Bxe5 Bf5 10. f3 Rg8 11. Be2 e6 12. O-O-O Qe7 13. Kb1 O-O-O 14. Na4 b5
15. Qc3 Qe8 16. Qa5 Qe7 17. Nc5 Rd7 18. a4 Rb7 19. axb5 cxb5 20. Bxb5 1-0

[Event "Titled Tue 10th Jun Early"]
[Site "chess.com INT"]
[Date "2025.06.10"]
[Round "2"]
[White "Horobetz, Graham"]
[Black "Kovalenko, Igor"]
[Result "0-1"]
[BlackTitle "GM"]
[WhiteElo "2250"]
[BlackElo "2676"]
[WhiteFideId "2047322"]
[BlackFideId "14117908"]
[EventDate "2025.06.10"]

1. e4 c6 2. d4 d5 3. Nc3 dxe4 4. Nxe4 Nd7 5. Ng5 Ngf6 6. Bd3 g6 7. N1f3 Bg7 8.
O-O O-O 9. Qe2 c5 10. Ne5 Nxe5 11. dxe5 Nd5 12. Rd1 Qc7 13. e6 f5 14. Bc4 Nb6
15. Bb5 a6 16. Bd7 h6 17. Bxc8 hxg5 18. Bd7 Bf6 19. Bd2 Nxd7 20. exd7 Qxd7 21.
Bxg5 Qc6 22. Bxf6 exf6 23. Qc4+ Kg7 24. Rd5 b6 25. Rad1 Rf7 26. Rd6 Qc7 27. Qe6
Raf8 28. Rxb6 a5 29. Qd6 Qc8 30. h3 c4 31. c3 Re8 32. Rc6 Qb7 33. Rd2 Re4 34. f3
Re1+ 35. Kf2 Rb1 36. Rb6 Qa7 37. Qd4 Qe7 38. Qe3 Rf1+ 39. Kxf1 Qxe3 40. Rbd6 Re7 0-1

[Event "Titled Tue 10th Jun Early"]
[Site "chess.com INT"]
[Date "2025.06.10"]
[Round "2"]
[White "Germanovs, Georgijs"]
[Black "Grezels, Florian"]
[Result "1-0"]
[WhiteTitle "CM"]
[BlackTitle "FM"]
[WhiteElo "2260"]
[BlackElo "2306"]
[WhiteFideId "11609710"]
[BlackFideId "20696450"]
[EventDate "2025.06.10"]

1. Nf3 d5 2. c4 e6 3. cxd5 exd5 4. d4 Nf6 5. Nc3 c6 6. h3 h6 7. g4 Bd6 8. Ne5 g5
9. e3 Nbd7 10. f4 Bxe5 11. fxe5 Ng8 12. Bd3 Nf8 13. Qf3 Be6 14. Bd2 b5 15. e4 b4
16. Na4 Nd7 17. Bxb4 Rb8 18. a3 a5 19. Bd6 Rb3 20. O-O Ne7 21. Rac1 O-O 22. Rc3
Rxc3 23. Nxc3 Re8 24. Bxe7 Qxe7 25. exd5 cxd5 26. Nxd5 Bxd5 27. Qxd5 Nf8 28. Rf6
Rd8 29. Rd6 Rc8 30. Bc4 Ne6 31. Rxe6 Qa7 32. Rg6+ Kh8 33. Rxh6+ Kg7 34. Rf6 Kh8
35. Rxf7 Qb6 36. Qd6 1-0

[Event "Titled Tue 10th Jun Early"]
[Site "chess.com INT"]
[Date "2025.06.10"]
[Round "2"]
[White "Paravyan, David"]
[Black "Simonovic, Miroslav"]
[Result "1-0"]
[WhiteTitle "GM"]
[BlackTitle "CM"]
[WhiteElo "2589"]
[BlackElo "2092"]
[WhiteFideId "4194985"]
[BlackFideId "919152"]
[EventDate "2025.06.10"]

1. c4 c5 2. Nc3 Nc6 3. g3 e5 4. Bg2 g6 5. e3 Bg7 6. Nge2 Nge7 7. O-O O-O 8. b3
d6 9. Bb2 Be6 10. Nd5 Bxd5 11. cxd5 Nb4 12. d4 exd4 13. exd4 Nbxd5 14. Qd2 Rb8
15. Rfd1 Nb4 16. Nf4 Qc7 17. dxc5 dxc5 18. Bxg7 Kxg7 19. Qc3+ Kg8 20. a3 Na6 21.
h4 b5 22. h5 b4 23. axb4 Nxb4 24. Be4 Nec6 25. Bxc6 Nxc6 26. Qxc5 Rxb3 27. Rac1
Rb6 28. Nd5 Rc8 29. Nxc7 1-0

[Event "Titled Tue 10th Jun Early"]
[Site "chess.com INT"]
[Date "2025.06.10"]
[Round "2"]
[White "Barseghyan, Armen Ar."]
[Black "Gu, Xiaobing"]
[Result "1-0"]
[WhiteTitle "IM"]
[BlackTitle "WGM"]
[WhiteElo "2348"]
[BlackElo "2148"]
[WhiteFideId "13306707"]
[BlackFideId "8602611"]
[EventDate "2025.06.10"]

1. Nf3 Nf6 2. g3 g6 3. Bg2 Bg7 4. d4 d6 5. O-O O-O 6. Nc3 Nc6 7. d5 Na5 8. Rb1
c5 9. b3 a6 10. a4 b5 11. axb5 axb5 12. Nxb5 Ne4 13. Nd2 Ba6 14. Nxe4 Bxb5 15.
Bb2 Bh6 16. c4 Bd7 17. Bc3 Qb6 18. Nd2 Rfb8 19. e3 Bf5 20. Ra1 Nb7 21. e4 Bd7
22. f4 e5 23. fxe5 dxe5 24. Bxe5 Be3+ 25. Kh1 Re8 26. Rxa8 Rxa8 27. Qf3 f6 28.
Bxf6 Bxd2 29. Bb2 Bf5 30. exf5 Rf8 31. d6 Qa6 32. Qd5+ 1-0

[Event "Titled Tue 10th Jun Early"]
[Site "chess.com INT"]
[Date "2025.06.10"]
[Round "2"]
[White "Lee, Junhyeok"]
[Black "Vachier-Lagrave, Maxime"]
[Result "0-1"]
[WhiteTitle "IM"]
[BlackTitle "GM"]
[WhiteElo "2434"]
[BlackElo "2736"]
[WhiteFideId "13202340"]
[BlackFideId "623539"]
[EventDate "2025.06.10"]

1. e4 c5 2. Nf3 d6 3. d4 cxd4 4. Nxd4 Nf6 5. Nc3 a6 6. Bc4 e6 7. Be3 Be7 8. Bb3
O-O 9. Qe2 Nbd7 10. O-O-O Nc5 11. e5 dxe5 12. Nxe6 Nxb3+ 13. axb3 Bxe6 14. Rxd8
Raxd8 15. Bb6 Rc8 16. Rd1 Rc6 17. Be3 Rfc8 18. Rd2 h6 19. f3 b5 20. Kb1 Bf5 21.
Bf2 b4 22. Ne4 Nxe4 23. fxe4 Be6 24. Bg3 Bf6 25. Qd1 Kh7 26. h4 a5 27. Rd6 Rxd6
28. Qxd6 Rd8 29. Qc5 a4 30. Bxe5 axb3 31. Kc1 Bxh4 32. Qxb4 Bg5+ 0-1

[Event "Titled Tue 10th Jun Early"]
[Site "chess.com INT"]
[Date "2025.06.10"]
[Round "2"]
[White "Adewumi, Tanitoluwa"]
[Black "Przybylski, Bartosz"]
[Result "1-0"]
[WhiteTitle "FM"]
[BlackTitle "CM"]
[WhiteElo "2362"]
[BlackElo "2101"]
[WhiteFideId "30966396"]
[BlackFideId "21878323"]
[EventDate "2025.06.10"]

1. Nf3 d6 2. d4 Nf6 3. b3 g6 4. Bb2 Bg7 5. g3 O-O 6. Bg2 c5 7. O-O Nc6 8. c4 d5
9. Na3 dxc4 10. Nxc4 cxd4 11. Nxd4 Bd7 12. Nxc6 Bxc6 13. Bxc6 bxc6 14. Qxd8
Rfxd8 15. Rac1 Ne4 16. Bxg7 Kxg7 17. Rc2 Rd5 18. f3 Nf6 19. Rfc1 Rad8 20. Kf2
Rd4 21. Ne5 Rd2 22. Nxc6 Rxc2 23. Rxc2 Rd7 24. e4 Rc7 25. Rc4 e6 26. Ke3 Nd7 27.
Nd4 Rb7 28. f4 Nb6 29. Rc5 Nd7 30. Ra5 Rc7 31. Nb5 Rc2 32. Rxa7 Nf6 33. Nd6 Ng4+
34. Kd3 Rxh2 35. Nxf7 Nf2+ 36. Ke3 Nd1+ 37. Kd3 Nf2+ 38. Kc4 Kf6 39. Ng5 e5 40.
Rf7# 1-0

[Event "Titled Tue 10th Jun Early"]
[Site "chess.com INT"]
[Date "2025.06.10"]
[Round "2"]
[White "Ilamparthi, A R"]
[Black "Bagheri, Maziar"]
[Result "1-0"]
[WhiteTitle "IM"]
[BlackTitle "FM"]
[WhiteElo "2490"]
[BlackElo "2287"]
[WhiteFideId "45015775"]
[BlackFideId "12530913"]
[EventDate "2025.06.10"]

1. d4 Nf6 2. Nc3 g6 3. e4 d6 4. f4 Bg7 5. Qd2 O-O 6. e5 Nfd7 7. Nf3 c5 8. h4
cxd4 9. Ne4 h5 10. g4 hxg4 11. Nfg5 dxe5 12. h5 exf4 13. hxg6 fxg6 14. Bc4+ e6
15. Bxe6+ Rf7 16. Bxf7+ Kf8 17. Ne6+ Kxf7 18. Nxd8+ Ke8 19. Ne6 Be5 20. Rh7 Nc6
21. Qxf4 Bxf4 22. Bxf4 Nde5 23. Nd6# 1-0

[Event "Titled Tue 10th Jun Early"]
[Site "chess.com INT"]
[Date "2025.06.10"]
[Round "2"]
[White "Sabarez, Iulian"]
[Black "Jovic, Stanoje"]
[Result "0-1"]
[WhiteTitle "CM"]
[BlackTitle "FM"]
[WhiteElo "1995"]
[BlackElo "2096"]
[WhiteFideId "1251813"]
[BlackFideId "905020"]
[EventDate "2025.06.10"]

1. Nf3 Nf6 2. g4 d5 3. g5 Ne4 4. d3 Nd6 5. h4 c5 6. Bf4 Qb6 7. b3 Nc6 8. Nc3 Be6
9. Bh3 O-O-O 10. Nxd5 Qa6 11. Bxe6+ fxe6 12. Nc3 Nd4 13. Nxd4 cxd4 14. Na4 e5
15. Bg3 e6 16. Qd2 Qb5 17. c4 Qc6 18. O-O-O b5 19. Nb2 bxc4 20. Nxc4 Nxc4 21.
bxc4 Ba3+ 22. Kb1 Kd7 23. Ka1 Rb8 24. Rb1 Bb2+ 25. Rxb2 Qxh1+ 26. Rb1 Qxb1# 0-1

[Event "Titled Tue 10th Jun Early"]
[Site "chess.com INT"]
[Date "2025.06.10"]
[Round "2"]
[White "Looi, Xin Hao"]
[Black "Iljin, Timofey"]
[Result "1-0"]
[WhiteTitle "CM"]
[BlackTitle "IM"]
[WhiteElo "2009"]
[BlackElo "2242"]
[WhiteFideId "5702828"]
[BlackFideId "14110180"]
[EventDate "2025.06.10"]

1. d4 Nf6 2. Nf3 g6 3. Nbd2 Bg7 4. e4 d6 5. Bd3 O-O 6. O-O Nc6 7. Re1 e5 8. dxe5
Nxe5 9. Nxe5 dxe5 10. Bf1 Bg4 11. f3 Qd4+ 12. Kh1 Be6 13. c3 Qb6 14. Nc4 Qf2 15.
Be3 Qh4 16. Qc2 Nh5 17. Qf2 Qe7 18. Bc5 Qg5 19. Bxf8 Bxf8 20. Rad1 b6 21. b4 a5
22. a3 axb4 23. axb4 Nf4 24. Ne3 h5 25. g3 Nh3 26. Bxh3 Bxh3 27. Nd5 Rc8 28. f4
Qg4 29. Nf6+ 1-0

[Event "Titled Tue 10th Jun Early"]
[Site "chess.com INT"]
[Date "2025.06.10"]
[Round "2"]
[White "Chan, Mark"]
[Black "Coe, William"]
[Result "1-0"]
[WhiteTitle "FM"]
[WhiteElo "2179"]
[BlackElo "2078"]
[WhiteFideId "5800560"]
[BlackFideId "30913624"]
[EventDate "2025.06.10"]

1. e4 c5 2. Nf3 e6 3. d4 cxd4 4. Nxd4 a6 5. c4 b6 6. Bd3 Bb7 7. O-O Nc6 8. Nxc6
Bxc6 9. Be3 d6 10. Nc3 Nf6 11. f4 Be7 12. b4 Rb8 13. b5 axb5 14. cxb5 Ba8 15.
Qf3 d5 16. exd5 Nxd5 17. Nxd5 Bxd5 18. Be4 Bxe4 19. Qxe4 O-O 20. Rfd1 Qc7 21.
Rac1 Qb7 22. Qxb7 Rxb7 23. Rc6 Rfb8 24. Rdc1 h6 25. Rc8+ Kh7 26. Rxb8 Rxb8 27.
Rc7 Bf6 28. Rxf7 Ra8 29. Bxb6 Rxa2 30. Be3 Re2 31. Bf2 Rb2 32. h3 Rxb5 33. g4
Rd5 34. Kg2 e5 35. f5 Bg5 36. h4 Bf4 37. f6 Kg6 38. Rxg7+ Kxf6 39. Rg8 Rd2 40.
Kf3 Rd3+ 41. Ke4 Rd2 42. Bb6 Re2+ 43. Kf3 Rh2 44. Rc8 Rxh4 45. Bd8+ Ke6 46. Bxh4 1-0